<?xml version="1.0" encoding="UTF-8"?>
<collection xmlns="http://www.loc.gov/MARC21/slim">
<record>
  <controlfield tag="001">148621</controlfield>
  <controlfield tag="005">20260219090925.0</controlfield>
  <datafield tag="024" ind1="7" ind2=" ">
    <subfield code="2">doi</subfield>
    <subfield code="a">10.5209/thel.95025</subfield>
  </datafield>
  <datafield tag="024" ind1="8" ind2=" ">
    <subfield code="2">sideral</subfield>
    <subfield code="a">141891</subfield>
  </datafield>
  <datafield tag="037" ind1=" " ind2=" ">
    <subfield code="a">ART-2024-141891</subfield>
  </datafield>
  <datafield tag="041" ind1=" " ind2=" ">
    <subfield code="a">fra</subfield>
  </datafield>
  <datafield tag="100" ind1=" " ind2=" ">
    <subfield code="a">Marqués Meseguer, Josep</subfield>
    <subfield code="u">Universidad de Zaragoza</subfield>
    <subfield code="0">(orcid)0000-0001-8433-8495</subfield>
  </datafield>
  <datafield tag="245" ind1=" " ind2=" ">
    <subfield code="a">Représentations de l’espace naturel dans l’oeuvre poétique de Jordi Pere Cerdà</subfield>
  </datafield>
  <datafield tag="260" ind1=" " ind2=" ">
    <subfield code="c">2024</subfield>
  </datafield>
  <datafield tag="506" ind1="0" ind2=" ">
    <subfield code="a">Access copy available to the general public</subfield>
    <subfield code="f">Unrestricted</subfield>
  </datafield>
  <datafield tag="520" ind1="3" ind2=" ">
    <subfield code="a">Cet article analyse les différentes manières utilisées par Jordi Pere Cerdà (Saillagouse, Cerdagne, 1920 - Perpignan, 2011) pour représenter la nature dans plusieurs poèmes de son oeuvre lyrique. L’évocation de la nature étant un recours thématique habituel dans son oeuvre littéraire, nous nous interrogerons sur la manière dont les éléments naturels sont représentés poétiquement, ainsi que sur les différents procédés utilisés dans chaque poème analysé. Pour organiser thématiquement les éléments abordés, nous traiterons de la description de l’environnement de la Cerdagne, de la représentation de la frontière franco-espagnole à travers la nature, du lien entre les habitants de la Cerdagne et le milieu naturel, et enfin de l’exercice d’introspection de l’auteur vis-à-vis de son propre territoire cerdan, de sa culture et de l’acte créateur en tant que poète.

Este artículo analiza las diferentes maneras en que el autor Jordi Pere Cerdà (Saillagouse, Cerdaña, 1920 - Perpiñán, 2011) representa la naturaleza en varios poemas de su obra lírica. La evocación de la naturaleza es un recurso temático habitual en su obra literaria. Por ello, estudiaremos la manera en que los elementos naturales son representados poéticamente, así como los diferentes recursos utilizados en cada poema analizado. Para organizar temáticamente los elementos tratados, abordaremos la descripción del entorno de la Cerdaña, la representación de la frontera franco-española a través de la naturaleza, el vínculo entre los habitantes de la Cerdaña y el medio natural, y, por último, el ejercicio de introspección del autor con respecto a su propio territorio de la Cerdaña, a su cultura y al acto creador como poeta.</subfield>
  </datafield>
  <datafield tag="540" ind1=" " ind2=" ">
    <subfield code="9">info:eu-repo/semantics/openAccess</subfield>
    <subfield code="a">by</subfield>
    <subfield code="u">https://creativecommons.org/licenses/by/4.0/deed.es</subfield>
  </datafield>
  <datafield tag="590" ind1=" " ind2=" ">
    <subfield code="a">0.0</subfield>
    <subfield code="b">2024</subfield>
  </datafield>
  <datafield tag="592" ind1=" " ind2=" ">
    <subfield code="a">0.1</subfield>
    <subfield code="b">2024</subfield>
  </datafield>
  <datafield tag="593" ind1=" " ind2=" ">
    <subfield code="a">Literature and Literary Theory</subfield>
    <subfield code="c">2024</subfield>
    <subfield code="d">Q4</subfield>
  </datafield>
  <datafield tag="593" ind1=" " ind2=" ">
    <subfield code="a">Linguistics and Language</subfield>
    <subfield code="c">2024</subfield>
    <subfield code="d">Q4</subfield>
  </datafield>
  <datafield tag="594" ind1=" " ind2=" ">
    <subfield code="a">0.1</subfield>
    <subfield code="b">2024</subfield>
  </datafield>
  <datafield tag="655" ind1=" " ind2="4">
    <subfield code="a">info:eu-repo/semantics/article</subfield>
    <subfield code="v">info:eu-repo/semantics/publishedVersion</subfield>
  </datafield>
  <datafield tag="710" ind1="2" ind2=" ">
    <subfield code="1">3003</subfield>
    <subfield code="2">335</subfield>
    <subfield code="a">Universidad de Zaragoza</subfield>
    <subfield code="b">Dpto. Filología Francesa</subfield>
    <subfield code="c">Área Filología Francesa</subfield>
  </datafield>
  <datafield tag="773" ind1=" " ind2=" ">
    <subfield code="g">39, 2 (2024), 281-289</subfield>
    <subfield code="p">Thélème (Madr.)</subfield>
    <subfield code="t">Thélème (Madrid)</subfield>
    <subfield code="x">1139-9368</subfield>
  </datafield>
  <datafield tag="856" ind1="4" ind2=" ">
    <subfield code="s">154069</subfield>
    <subfield code="u">http://zaguan.unizar.es/record/148621/files/texto_completo.pdf</subfield>
    <subfield code="y">Versión publicada</subfield>
  </datafield>
  <datafield tag="856" ind1="4" ind2=" ">
    <subfield code="s">2495328</subfield>
    <subfield code="u">http://zaguan.unizar.es/record/148621/files/texto_completo.jpg?subformat=icon</subfield>
    <subfield code="x">icon</subfield>
    <subfield code="y">Versión publicada</subfield>
  </datafield>
  <datafield tag="909" ind1="C" ind2="O">
    <subfield code="o">oai:zaguan.unizar.es:148621</subfield>
    <subfield code="p">articulos</subfield>
    <subfield code="p">driver</subfield>
  </datafield>
  <datafield tag="951" ind1=" " ind2=" ">
    <subfield code="a">2026-02-19-08:59:54</subfield>
  </datafield>
  <datafield tag="980" ind1=" " ind2=" ">
    <subfield code="a">ARTICLE</subfield>
  </datafield>
</record>
</collection>